000 00730nam a2200229Ia 4500
008 101110s9999 xx 000 0 und d
041 _aENGLISH
082 _bSR25812
100 _aMatt Joe L., Kandel Abraham and Baker Theodore P,
245 _aDiscrete mathematics for computer scientists and mathematicians
260 _c2003
_bPrentice Hall of India, New delhi
300 _a751
365 _b250
520 _aComputer
520 _aSent to Computer Dept.,dt.30/7/04
546 _aENGLISH
630 _aDiscrete mathematics for computer scientists and mathematicians
650 _aComputer
655 _aComputer
730 _aDiscrete mathematics for computer scientists and mathematicians
942 _cBOOK
999 _c818421
_d818418